Slim Pickins - Sabrina Carpenter (All Lyrics) - Statistics

General Stats
  • This quiz has been taken 391 times
  • The average score is 198 of 223
Answer Stats
Lyrics % Correct
a
99%
A
99%
I
99%
my
99%
and
98%
And
98%
the
98%
are
97%
are"
97%
be
97%
do?
97%
in
97%
it's
97%
It's
97%
just
97%
Just
97%
on
97%
slim
97%
that
97%
this
97%
This
97%
boy
96%
Guess
96%
guess
96%
I'll
96%
one
96%
to
96%
he
95%
If
95%
life
95%
"they
95%
you
95%
Can't
94%
can't
94%
me
94%
have
93%
know
93%
alone
92%
doesn't
92%
even
92%
kissin'
92%
who's
92%
All
91%
all
91%
between
91%
difference
91%
love
91%
not
91%
"their"
91%
their
91%
"there,"
91%
am
90%
bitchin'
90%
keep
90%
kind
90%
he's
89%
moanin'
89%
Moanin'
89%
Oh,
88%
right
88%
find
87%
girl
87%
or
87%
room
87%
what's
87%
end
86%
pass
86%
through
86%
good
85%
naked
85%
nice,
85%
ones
85%
phone
85%
pickings
85%
save
85%
his
84%
I'm
84%
like
84%
Lord
84%
taken
84%
thoughts
84%
gay
83%
get
83%
Since
83%
since
83%
up
83%
dramatic
82%
forgot
82%
Jesus,
82%
nowhere
82%
seen
82%
These
82%
jacked
81%
kitchen
81%
some
81%
Then
81%
here
79%
Servin'
79%
swear
79%
they're
79%
awakenin'
78%
deceased
77%
exes
76%
losin'
76%
machine
76%
Play
76%
breathes
75%
call
75%
winnin',
75%
wasted
74%
ass
73%
douchebags
73%
'em
72%
fixings
72%
large
72%
livin'
72%
Yet
72%
God
71%
knows
70%
isn't
69%
Missin'
69%
missin'
69%
slot
69%
things
69%
Ah
57%
ah
57%
No matching quizzes found
Score Distribution
Percent of People with Each Score
Percentile by Number Answered
Your Score History
You have not taken this quiz